000 00560nam a2200229 a 4500
001 nice12345678
003 IN_TiNIC
005 20260116011425.0
008 050524s1902 laha grp 000 0 urd
020 _a
_c100
082 0 0 _a239
_bMEN2
100 _aMenro, James
245 _aMajmooa-E-Rasayil
260 _aLahore
_bPunjab Religious Booksociety
_c1902
500 _aincludes index and biblioraphy
505 2 _aHand Written Manuscript
650 _aApologetics
700 1 _aMenro, James
902 _bRBA
942 _cBK
999 _c1403
_d1403